000 00378nam a2200145Ia 4500
008 191201s2005 xx 000 0 und d
082 _a005.73
_bTRI
100 _aTREMBLAY, Jean-Paul
245 3 _aAn Introduction to Data Structures with Applications
250 _a2nd
260 _aN.Delhi
_bTata mc Graw Hill
_c2005
300 _a861
650 _aB.Tech(CSE)
942 _2ddc
_cBK
999 _c841
_d841